[Event "Mittelfrank Regionalliga Sud-Ost 2223"]
[Site "Mittelfranken"]
[Date "2023.03.05"]
[Round "7.4"]
[White "Siebert, Joachim"]
[Black "Bauer, Robert"]
[Result "0-1"]
[WhiteElo "1926"]
[BlackElo "2085"]
[PlyCount "76"]
[EventDate "2022.10.09"]
[EventType "team-tourn"]
[EventRounds "9"]
[EventCountry "GER"]
[SourceTitle "EXT 2024"]
[Source "ChessBase"]
[SourceDate "2023.10.10"]
[SourceVersion "1"]
[SourceVersionDate "2023.10.10"]
[SourceQuality "1"]
[WhiteTeam "Landshut"]
[BlackTeam "Freising"]
[WhiteTeamCountry "GER"]
[BlackTeamCountry "GER"]

1. d4 d5 2. Nf3 Nf6 3. g3 Bf5 4. Bg2 e6 5. c4 c6 6. Nc3 h6 7. Qb3 Qb6 8. c5 Qxb3 9. axb3 Na6 10. Ra4 Be7 11. 0-0 Nd7 12. h3 g5 13. Re1 f6 14. e4 dxe4 15. Nxe4 Bxe4 16. Rxe4 Naxc5 17. dxc5 Nxc5 18. Re1 Nxa4 19. bxa4 e5 20. Bd2 0-0-0 21. Bc3 Rd3 22. Bxe5 fxe5 23. Nxe5 Rd2 24. Nc4 Rc2 25. Rxe7 Rxc4 26. Re4 Rc1+ 27. Bf1 Rd8 28. Kg2 Rdd1 29. Bc4 Rd2 30. Re2 Rxe2 31. Bxe2 Rc2 32. Bg4+ Kc7 33. b3 Kd6 34. h4 gxh4 35. gxh4 b5 36. axb5 cxb5 37. Kf1 a5 38. Bd1 Ra2 0-1

[Event "Mittelfrank Regionalliga Sud-Ost 2223"]
[Site "Mittelfranken"]
[Date "2022.10.23"]
[Round "2.4"]
[White "Theumer, Lutz"]
[Black "Siebert, Joachim"]
[Result "0-1"]
[WhiteElo "1978"]
[BlackElo "1926"]
[PlyCount "88"]
[EventDate "2022.10.09"]
[EventType "team-tourn"]
[EventRounds "9"]
[EventCountry "GER"]
[SourceTitle "EXT 2024"]
[Source "ChessBase"]
[SourceDate "2023.10.10"]
[SourceVersion "1"]
[SourceVersionDate "2023.10.10"]
[SourceQuality "1"]
[WhiteTeam "Moosburg"]
[BlackTeam "Landshut"]
[WhiteTeamCountry "GER"]
[BlackTeamCountry "GER"]

1. d4 e6 2. Nf3 Nf6 3. Bf4 c5 4. e3 d5 5. c3 Nc6 6. Nbd2 Bd6 7. Bg3 0-0 8. Bd3 Re8 9. Ne5 Qc7 10. f4 c4 11. Bc2 b5 12. a3 a5 13. Bh4 Be7 14. 0-0 Bb7 15. Qf3 g6 16. Qh3 Nh5 17. g4 Ng7 18. Bxe7 Qxe7 19. Qh6 f5 20. Ndf3 Rf8 21. h3 Nxe5 22. dxe5 Ne8 23. gxf5 exf5 24. Kf2 Qg7 25. Qg5 Nc7 26. Nd4 Ra6 27. Qg3 Ne6 28. Nxb5 Rb6 29. a4 Bc6 30. Rab1 Bxb5 31. axb5 Rxb5 32. Ba4 Nc5 33. Bc2 Rfb8 34. Qh4 Ne4+ 35. Bxe4 Rxb2+ 36. Kg1 dxe4 37. Rxb2 Rxb2 38. Qd8+ Qf8 39. Qd5+ Qf7 40. e6 Qe7 41. Rd1 Rb8 42. Qxc4 Qh4 43. Qf1 Rb2 44. Kh1 Qg3 0-1

[Event "Regionalliga SO 1617"]
[Site "Bayern"]
[Date "2017.02.05"]
[Round "5.3"]
[White "Siebert, Joachim"]
[Black "Huch, Reiner"]
[Result "0-1"]
[WhiteElo "1917"]
[BlackElo "2216"]
[PlyCount "54"]
[EventDate "2016.10.16"]
[EventType "team-tourn"]
[EventRounds "9"]
[EventCountry "GER"]
[SourceTitle "EXT 2019"]
[Source "ChessBase"]
[SourceDate "2018.10.10"]
[SourceVersion "1"]
[SourceVersionDate "2018.10.10"]
[SourceQuality "1"]
[WhiteTeam "Landshut"]
[BlackTeam "Trostberg"]
[WhiteTeamCountry "GER"]
[BlackTeamCountry "GER"]

1. d4 d5 2. Nf3 Nf6 3. c4 dxc4 4. e3 Bg4 5. Bxc4 e6 6. 0-0 a6 7. Nc3 Nc6 8. h3 Bh5 9. b3 Bd6 10. Bb2 0-0 11. Rc1 Qe7 12. Bd3 Rfd8 13. Ne4 Nb4 14. Bb1 Nxe4 15. Bxe4 c6 16. Bb1 e5 17. e4 a5 18. g4 Bg6 19. Qe2 exd4 20. Bxd4 Nd5 21. Qb2 Nf4 22. Rce1 Nxh3+ 23. Kg2 Nf4+ 24. Kh1 Qe6 25. Rg1 Bxe4 26. Bxe4 Qh6+ 27. Nh2 Nd3 0-1

[Event "Regionalliga SO 1617"]
[Site "Bayern"]
[Date "2016.12.04"]
[Round "3.1"]
[White "Siebert, Joachim"]
[Black "Maier, Alexander"]
[Result "1/2-1/2"]
[WhiteElo "1917"]
[BlackElo "2219"]
[PlyCount "131"]
[EventDate "2016.10.16"]
[EventType "team-tourn"]
[EventRounds "9"]
[EventCountry "GER"]
[SourceTitle "EXT 2019"]
[Source "ChessBase"]
[SourceDate "2018.10.10"]
[SourceVersion "1"]
[SourceVersionDate "2018.10.10"]
[SourceQuality "1"]
[WhiteTeam "Landshut"]
[BlackTeam "Groebenzell II"]
[WhiteTeamCountry "GER"]
[BlackTeamCountry "GER"]

1. d4 Nf6 2. Nf3 d6 3. c4 g6 4. Nc3 Nbd7 5. e4 e5 6. dxe5 dxe5 7. Bg5 h6 8. Bh4 Bg7 9. Be2 0-0 10. 0-0 c6 11. Qd6 Re8 12. Rad1 Qb6 13. b3 Bf8 14. Qd3 Nc5 15. Qb1 Ncd7 16. Rc1 Ba3 17. Rcd1 a5 18. Ne1 Be7 19. Kh1 Nc5 20. f3 Qc7 21. Qc1 Kg7 22. Bf2 Ne6 23. Na4 Nd7 24. Qc3 Nec5 25. Nxc5 Bxc5 26. Bxc5 Nxc5 27. Nd3 Qe7 28. Rd2 f6 29. Rfd1 Ne6 30. Ne1 Nd4 31. Nc2 c5 32. Ne3 Be6 33. Nd5 Qd6 34. Bd3 Rf8 35. a3 b6 36. Rb2 Rf7 37. b4 axb4 38. axb4 Bxd5 39. bxc5 Qxc5 40. exd5 b5 41. Qb4 Qxb4 42. Rxb4 bxc4 43. Bxc4 Nc2 44. Rbb1 Ne3 45. Rdc1 Rd8 46. h3 Nxc4 47. Rxc4 Rxd5 48. Rc8 Rd6 49. Rbb8 f5 50. Re8 Kf6 51. Rb5 Re6 52. Rxe6+ Kxe6 53. Rb6+ Kd5 54. Rxg6 e4 55. Kg1 e3 56. Kf1 Ra7 57. Ke2 f4 58. g3 Ra2+ 59. Ke1 fxg3 60. Rxg3 Rh2 61. Rg8 Ke5 62. Rg4 Kf5 63. Re4 Rxh3 64. Ke2 Rh2+ 65. Kxe3 h5 66. Rb4 1/2-1/2

[Event "Regionalliga SO 1617"]
[Site "Bayern"]
[Date "2016.10.16"]
[Round "1.3"]
[White "Siebert, Joachim"]
[Black "Gesing, Oliver"]
[Result "1/2-1/2"]
[WhiteElo "1917"]
[BlackElo "2127"]
[PlyCount "62"]
[EventDate "2016.10.16"]
[EventType "team-tourn"]
[EventRounds "9"]
[EventCountry "GER"]
[SourceTitle "EXT 2019"]
[Source "ChessBase"]
[SourceDate "2018.10.10"]
[SourceVersion "1"]
[SourceVersionDate "2018.10.10"]
[SourceQuality "1"]
[WhiteTeam "Landshut"]
[BlackTeam "Graefelfing"]
[WhiteTeamCountry "GER"]
[BlackTeamCountry "GER"]

1. d4 d5 2. Nf3 Nf6 3. c4 c6 4. e3 e6 5. Nc3 Nbd7 6. Qc2 Bd6 7. b3 0-0 8. Bb2 Re8 9. 0-0-0 Qa5 10. Bd3 dxc4 11. Bxc4 b5 12. Bd3 Bb7 13. Kb1 Rac8 14. Qe2 Bb4 15. Rc1 a6 16. Ne5 c5 17. Nxd7 Nxd7 18. Be4 Bxe4+ 19. Nxe4 cxd4 20. Bxd4 e5 21. Bb2 Qb6 22. Qg4 Qg6 23. Qxg6 hxg6 24. Rxc8 Rxc8 25. Rd1 Rc7 26. Rd5 f6 27. a3 Be7 28. f4 exf4 29. exf4 Kf7 30. g4 Ke6 31. Rd1 Nb6 1/2-1/2

[Event "Regionalliga SO 1314"]
[Site "Bayern"]
[Date "2014.02.09"]
[Round "6.5"]
[White "Ovsepyan, Arshak"]
[Black "Siebert, Joachim"]
[Result "1-0"]
[WhiteElo "2019"]
[BlackElo "1907"]
[PlyCount "87"]
[EventDate "2013.10.13"]
[EventType "team-tourn"]
[EventRounds "9"]
[EventCountry "GER"]
[SourceTitle "EXT 2015"]
[Source "ChessBase"]
[SourceDate "2014.11.20"]
[SourceVersion "1"]
[SourceVersionDate "2014.11.20"]
[SourceQuality "1"]
[WhiteTeam "Graefelfing"]
[BlackTeam "Landshut"]
[WhiteTeamCountry "GER"]
[BlackTeamCountry "GER"]

1. d4 Nf6 2. c4 e6 3. Nf3 d5 4. Nc3 c6 5. Bg5 Be7 6. e3 0-0 7. c5 Nbd7 8. Bf4 Re8 9. Bd3 Nf8 10. 0-0 Nh5 11. b4 Nxf4 12. exf4 Ng6 13. g3 Bf6 14. Qc2 Nf8 15. a4 g6 16. b5 Bg7 17. Rfe1 Qc7 18. a5 f6 19. b6 Qb8 20. a6 axb6 21. cxb6 bxa6 22. Na4 e5 23. fxe5 fxe5 24. dxe5 Bxe5 25. Nxe5 Rxe5 26. Qxc6 Bd7 27. Qf6 Re6 28. Rxe6 Bxe6 29. Rc1 Qe8 30. b7 Rb8 31. Rc7 Nd7 32. Qc3 Rd8 33. Nc5 Bh3 34. Bxa6 d4 35. Qc4+ Kh8 36. Qxd4+ Ne5 37. Qxd8 Qxd8 38. Rc8 Bxc8 39. bxc8Q Qxc8 40. Bxc8 Kg7 41. f4 Nf7 42. Ne4 h6 43. Be6 Nd8 44. Bd5 1-0

[Event "Regionalliga SO 1213"]
[Site "Bayern"]
[Date "2013.01.13"]
[Round "5.5"]
[White "Siebert, Joachim"]
[Black "Luft, Martin"]
[Result "0-1"]
[WhiteElo "1899"]
[BlackElo "2062"]
[PlyCount "76"]
[EventDate "2012.10.14"]
[EventType "team-tourn"]
[EventRounds "9"]
[EventCountry "GER"]
[SourceTitle "EXT 2015"]
[Source "ChessBase"]
[SourceDate "2014.11.20"]
[SourceVersion "1"]
[SourceVersionDate "2014.11.20"]
[SourceQuality "1"]
[WhiteTeam "Landshut"]
[BlackTeam "Graefelfing"]
[WhiteTeamCountry "GER"]
[BlackTeamCountry "GER"]

1. d4 d5 2. Nf3 e6 3. c4 dxc4 4. e3 Nf6 5. Bxc4 Nbd7 6. Nc3 a6 7. a4 c5 8. 0-0 Be7 9. Qe2 0-0 10. Rd1 Qc7 11. e4 cxd4 12. Nxd4 b6 13. f3 Bb7 14. Be3 Ne5 15. Bb3 Rac8 16. Rac1 Qb8 17. Kh1 Ng6 18. Qf2 Bd6 19. Nde2 Nh5 20. g3 Bc5 21. Rd2 Ne5 22. Bxc5 bxc5 23. Ba2 Nf6 24. Rcd1 Qa8 25. Kg1 Rfd8 26. Nf4 Rxd2 27. Rxd2 Rd8 28. Kg2 g5 29. Rxd8+ Qxd8 30. Nh3 g4 31. Ng1 gxf3+ 32. Nxf3 Nxe4 33. Nxe4 Bxe4 34. Qe3 Bxf3+ 35. Kh3 Qf6 36. Bb1 Bg4+ 37. Kg2 Qf3+ 38. Qxf3 Bxf3+ 0-1

[Event "Regionalliga SO 1213"]
[Site "Bayern"]
[Date "2012.10.14"]
[Round "1.5"]
[White "Siebert, Joachim"]
[Black "Eckerl, Uwe"]
[Result "0-1"]
[WhiteElo "1899"]
[BlackElo "2148"]
[PlyCount "54"]
[EventDate "2012.10.14"]
[EventType "team-tourn"]
[EventRounds "9"]
[EventCountry "GER"]
[SourceTitle "EXT 2015"]
[Source "ChessBase"]
[SourceDate "2014.11.20"]
[SourceVersion "1"]
[SourceVersionDate "2014.11.20"]
[SourceQuality "1"]
[WhiteTeam "Landshut"]
[BlackTeam "Roehrnbach"]
[WhiteTeamCountry "GER"]
[BlackTeamCountry "GER"]

1. d4 Nf6 2. c4 g6 3. Nc3 Bg7 4. e4 d6 5. Nf3 0-0 6. Be2 e5 7. 0-0 Nc6 8. d5 Ne7 9. Ne1 Ne8 10. Be3 f5 11. f3 f4 12. Bf2 g5 13. Nd3 Rf7 14. a4 Bf8 15. a5 Rg7 16. Nb5 a6 17. Na7 Bd7 18. c5 Qb8 19. c6 bxc6 20. Nxc6 Nxc6 21. dxc6 Bxc6 22. Qd2 Bb5 23. Bd1 Qb7 24. Ba4 Nf6 25. Rfc1 g4 26. Kh1 gxf3 27. gxf3 Nxe4 0-1

[Event "Bargteheide op"]
[Site "Bargteheide"]
[Date "2012.05.17"]
[Round "1"]
[White "Schmidt, Harald"]
[Black "Siebert, Joachim"]
[Result "1-0"]
[WhiteElo "2368"]
[BlackElo "2022"]
[PlyCount "75"]
[EventDate "2012.05.17"]
[EventType "swiss"]
[EventRounds "7"]
[EventCountry "GER"]
[SourceTitle "CBM 148 Extra"]
[Source "ChessBase"]
[SourceDate "2012.06.22"]
[SourceVersion "1"]
[SourceVersionDate "2012.06.22"]
[SourceQuality "1"]

1. e4 e6 2. Qe2 c5 3. Nf3 Nc6 4. g3 d5 5. exd5 Qxd5 6. Nc3 Qd8 7. Bg2 Nf6 8. 0-0 Be7 9. d4 cxd4 10. Rd1 0-0 11. Nb5 Bc5 12. Qc4 Qb6 13. b4 Nxb4 14. Nbxd4 Nbd5 15. Bd2 e5 16. Rab1 Qc7 17. Nxe5 Nb6 18. Rxb6 Bxb6 19. Qxc7 Bxc7 20. Nc4 a6 21. Rb1 Rb8 22. Bb4 Re8 23. Bd6 Bxd6 24. Nxd6 Rd8 25. Nc6 Rxd6 26. Nxb8 b5 27. Nc6 Bd7 28. Ne5 Be6 29. a4 Rb6 30. c4 Kf8 31. cxb5 axb5 32. a5 Rb8 33. a6 Rd8 34. a7 Bd5 35. Bxd5 Nxd5 36. Rxb5 Nc7 37. Rb8 Ke8 38. Nxf7 1-0

[Event "Landesliga Sued 1112"]
[Site "Bayern"]
[Date "2011.12.11"]
[Round "4.6"]
[White "Giss, Arthur"]
[Black "Siebert, Joachim"]
[Result "1-0"]
[WhiteElo "2077"]
[BlackElo "1966"]
[PlyCount "83"]
[EventDate "2011.10.02"]
[EventType "team-tourn"]
[EventRounds "9"]
[EventCountry "GER"]
[SourceTitle "EXT 2013"]
[Source "ChessBase"]
[SourceDate "2012.11.22"]
[SourceVersion "1"]
[SourceVersionDate "2012.11.22"]
[SourceQuality "1"]
[WhiteTeam "Dillingen"]
[BlackTeam "Landshut"]
[WhiteTeamCountry "GER"]
[BlackTeamCountry "GER"]

1. e4 e6 2. d4 d5 3. Nd2 Be7 4. Bd3 c5 5. c3 Nc6 6. Ne2 Qb6 7. Nf3 Bd7 8. exd5 exd5 9. Qb3 Nf6 10. Be3 Qxb3 11. axb3 b6 12. 0-0 0-0 13. h3 Bd6 14. Ra2 Rfe8 15. Rd1 Ne4 16. Bc2 Be6 17. Ne1 f5 18. Nf3 h6 19. Nf4 Bf7 20. dxc5 Bxf4 21. Bxf4 bxc5 22. Ra6 Rac8 23. h4 d4 24. Nd2 Bd5 25. f3 Nxd2 26. Bxd2 c4 27. Bxf5 Rc7 28. Bf4 Rce7 29. bxc4 Be6 30. Bg6 Rf8 31. Bd6 Rf6 32. Bxe7 Nxe7 33. Be4 dxc3 34. bxc3 Bxc4 35. Rxa7 Ng6 36. Rd8+ Rf8 37. Rxf8+ Nxf8 38. Rc7 Bf7 39. c4 Ne6 40. Rc8+ Nf8 41. Bd5 Bxd5 42. cxd5 1-0

[Event "Regionalliga SO 1011"]
[Site "Bayern"]
[Date "2011.03.20"]
[Round "8.6"]
[White "Knoblauch, Leonhard"]
[Black "Siebert, Joachim"]
[Result "1-0"]
[WhiteElo "2065"]
[BlackElo "1952"]
[PlyCount "61"]
[EventDate "2010.10.10"]
[EventType "team-tourn"]
[EventRounds "9"]
[EventCountry "GER"]
[SourceTitle "EXT 2012"]
[Source "ChessBase"]
[SourceDate "2011.11.24"]
[SourceVersion "1"]
[SourceVersionDate "2011.11.24"]
[SourceQuality "1"]
[WhiteTeam "Ilmmuenster"]
[BlackTeam "Landshut"]
[WhiteTeamCountry "GER"]
[BlackTeamCountry "GER"]

1. e4 e6 2. d4 d5 3. e5 c5 4. c3 Nc6 5. Nf3 Bd7 6. a3 Rc8 7. Bd3 cxd4 8. cxd4 Qb6 9. Bc2 Nge7 10. 0-0 Nf5 11. Bxf5 exf5 12. Nc3 Be6 13. Ne2 Be7 14. Nf4 0-0 15. Rb1 Bxa3 16. Ng5 Be7 17. Nfxe6 fxe6 18. Nxe6 Rfe8 19. Be3 Nxe5 20. Nxg7 Kxg7 21. dxe5 Bc5 22. Bg5 Rxe5 23. Bf4 Re7 24. Qxd5 Qe6 25. Qd2 Qd7 26. Qc3+ Qd4 27. Qg3+ Kf7 28. Rbd1 Qf6 29. Bg5 Qxb2 30. Bxe7 Bxe7 31. Qh3 1-0

[Event "Regionalliga SO 1011"]
[Site "Bayern"]
[Date "2010.12.12"]
[Round "4.7"]
[White "Griesbeck, Robert"]
[Black "Siebert, Joachim"]
[Result "1/2-1/2"]
[WhiteElo "1796"]
[BlackElo "1952"]
[PlyCount "35"]
[EventDate "2010.10.10"]
[EventType "team-tourn"]
[EventRounds "9"]
[EventCountry "GER"]
[SourceTitle "EXT 2012"]
[Source "ChessBase"]
[SourceDate "2011.11.24"]
[SourceVersion "1"]
[SourceVersionDate "2011.11.24"]
[SourceQuality "1"]
[WhiteTeam "Straubing"]
[BlackTeam "Landshut"]
[WhiteTeamCountry "GER"]
[BlackTeamCountry "GER"]

1. e4 e6 2. d4 d5 3. exd5 exd5 4. Bd3 c5 5. c3 Nc6 6. Ne2 Bd6 7. Nd2 Nf6 8. h3 0-0 9. Nf3 Ne4 10. Bf4 Re8 11. 0-0 Bxf4 12. Nxf4 Qd6 13. Qc1 cxd4 14. Nxd4 Nxd4 15. cxd4 Bf5 16. Re1 g5 17. Bxe4 dxe4 18. Nh5 1/2-1/2

[Event "Regionalliga SO 0910"]
[Site "Bayern"]
[Date "2010.02.28"]
[Round "7.6"]
[White "Litzka, Matthias"]
[Black "Siebert, Joachim"]
[Result "1-0"]
[WhiteElo "2070"]
[BlackElo "1926"]
[PlyCount "67"]
[EventDate "2009.10.18"]
[EventType "team-tourn"]
[EventRounds "9"]
[EventCountry "GER"]
[SourceTitle "EXT 2011"]
[Source "ChessBase"]
[SourceDate "2010.11.26"]
[SourceVersion "1"]
[SourceVersionDate "2010.11.26"]
[SourceQuality "1"]
[WhiteTeam "Starnberg"]
[BlackTeam "Landshut"]
[WhiteTeamCountry "GER"]
[BlackTeamCountry "GER"]

1. e4 e6 2. d4 d5 3. Nc3 Nf6 4. exd5 exd5 5. Bg5 Bb4 6. Qf3 Be6 7. a3 Be7 8. Bd3 Nbd7 9. Nge2 0-0 10. h3 c5 11. 0-0 Qc7 12. Rfe1 a6 13. Rad1 Rae8 14. Bf4 Bd6 15. Bxd6 Qxd6 16. dxc5 Qxc5 17. Nd4 Qd6 18. Nce2 Nc5 19. Ng3 Nxd3 20. Qxd3 g6 21. Qf3 Nd7 22. Nge2 Re7 23. Nf4 Ne5 24. Qg3 Nc6 25. Nxd5 Qxd5 26. Nxe6 Qa5 27. b4 Qf5 28. Nxf8 Kxf8 29. Rxe7 Nxe7 30. Qd6 Qe6 31. Qxe6 fxe6 32. Rd7 Nc6 33. Rxb7 Nd4 34. Ra7 1-0

[Event "Regionalliga SO 0809"]
[Site "Bayern"]
[Date "2009.03.29"]
[Round "9.7"]
[White "Siebert, Joachim"]
[Black "Fliessbach, Torsten"]
[Result "1/2-1/2"]
[WhiteElo "1899"]
[BlackElo "2033"]
[PlyCount "52"]
[EventDate "2008.10.05"]
[EventType "team-tourn"]
[EventRounds "9"]
[EventCountry "GER"]
[SourceTitle "EXT 2020"]
[Source "ChessBase"]
[SourceDate "2019.10.17"]
[SourceVersion "1"]
[SourceVersionDate "2019.10.17"]
[SourceQuality "1"]
[WhiteTeam "Landshut"]
[BlackTeam "Starnberg"]
[WhiteTeamCountry "GER"]
[BlackTeamCountry "GER"]

1. d4 d5 2. Nf3 Nf6 3. c4 c6 4. e3 e6 5. Nc3 Nbd7 6. Qc2 Bd6 7. g4 Nxg4 8. Rg1 f5 9. h3 Ngf6 10. Rxg7 Kf8 11. Rg1 Ne4 12. Bd2 Rg8 13. Rxg8+ Kxg8 14. Bd3 Nf8 15. 0-0-0 Nxf2 16. Rg1+ Kh8 17. Bf1 Ne4 18. Be1 Ng6 19. Nxe4 fxe4 20. Ng5 Qf6 21. Qe2 Bd7 22. Qh5 Qg7 23. Nxh7 Qxh7 24. Qxg6 Qxg6 25. Rxg6 Rg8 26. Rxg8+ Kxg8 1/2-1/2

[Event "Niederbayernliga 0708"]
[Site "Germany"]
[Date "2007.12.09"]
[Round "4.4"]
[White "Kutschera, Gottlieb"]
[Black "Siebert, Joachim"]
[Result "1/2-1/2"]
[WhiteElo "1767"]
[BlackElo "1911"]
[PlyCount "53"]
[EventDate "2007.10.21"]
[EventType "team-tourn"]
[EventRounds "9"]
[EventCountry "GER"]
[SourceTitle "EXT 2009"]
[Source "ChessBase"]
[SourceDate "2008.11.26"]
[SourceVersion "1"]
[SourceVersionDate "2008.11.26"]
[SourceQuality "1"]
[WhiteTeam "Landau Dingolfing"]
[BlackTeam "Landshut"]
[WhiteTeamCountry "GER"]
[BlackTeamCountry "GER"]

1. d4 e6 2. Nf3 d5 3. c4 Nf6 4. Bg5 c6 5. cxd5 exd5 6. Nc3 Nbd7 7. e3 Bd6 8. Bd3 0-0 9. Qc2 Re8 10. Bxh7+ Kh8 11. Bd3 b6 12. 0-0 Bb7 13. Rac1 g6 14. e4 dxe4 15. Nxe4 Be7 16. Bxf6+ Nxf6 17. Ne5 Qxd4 18. Nxf6 Bxf6 19. Nxf7+ Kg7 20. Bxg6 c5 21. Bh5 Be4 22. Qd1 Bd3 23. Qd2 Rh8 24. Nxh8 Rxh8 25. Bf3 Bxf1 26. Qxd4 Bxd4 27. Rxf1 1/2-1/2

[Event "Niederbayernliga 0708 playoff"]
[Site "Germany"]
[Date "2007.04.27"]
[Round "?"]
[White "Siebert, Joachim"]
[Black "Jurasic, Marinko"]
[Result "1/2-1/2"]
[WhiteElo "1911"]
[BlackElo "1847"]
[PlyCount "30"]
[EventDate "2007.04.27"]
[EventType "team-tourn"]
[EventRounds "1"]
[EventCountry "GER"]
[SourceTitle "EXT 2009"]
[Source "ChessBase"]
[SourceDate "2008.11.26"]
[SourceVersion "1"]
[SourceVersionDate "2008.11.26"]
[SourceQuality "1"]
[WhiteTeam "Landshut"]
[BlackTeam "Straubing"]
[WhiteTeamCountry "GER"]
[BlackTeamCountry "GER"]

1. d4 Nf6 2. c4 e6 3. Nc3 b6 4. Nf3 Bb7 5. e3 d6 6. Be2 Be7 7. 0-0 0-0 8. b4 Nbd7 9. Bb2 Ne4 10. Qc2 Nxc3 11. Bxc3 c5 12. a3 Qc7 13. dxc5 dxc5 14. b5 Bf6 15. a4 Rad8 1/2-1/2

[Event "Niederbayernliga 0708"]
[Site "Germany"]
[Date "2007.04.06"]
[Round "8.4"]
[White "Ott, Anton"]
[Black "Siebert, Joachim"]
[Result "1/2-1/2"]
[WhiteElo "1849"]
[BlackElo "1911"]
[PlyCount "42"]
[EventDate "2007.10.21"]
[EventType "team-tourn"]
[EventRounds "9"]
[EventCountry "GER"]
[SourceTitle "EXT 2009"]
[Source "ChessBase"]
[SourceDate "2008.11.26"]
[SourceVersion "1"]
[SourceVersionDate "2008.11.26"]
[SourceQuality "1"]
[WhiteTeam "Waldkirchen Freyung"]
[BlackTeam "Landshut"]
[WhiteTeamCountry "GER"]
[BlackTeamCountry "GER"]

1. Nf3 d5 2. c4 Nf6 3. cxd5 Nxd5 4. Nc3 Nxc3 5. bxc3 e6 6. g3 c5 7. Bg2 Nc6 8. 0-0 e5 9. Bb2 Be7 10. d3 0-0 11. Nd2 Be6 12. Qc2 Qd7 13. a4 Na5 14. c4 f6 15. Nb3 Nc6 16. a5 Rab8 17. Ba3 Nd4 18. Nxd4 exd4 19. Rab1 Qc7 20. Qd2 Bd7 21. Rb2 Bc6 1/2-1/2

[Event "Niederbayernliga 0708"]
[Site "Germany"]
[Date "2007.02.17"]
[Round "6.4"]
[White "Demmer, Joachim"]
[Black "Siebert, Joachim"]
[Result "1/2-1/2"]
[WhiteElo "1847"]
[BlackElo "1911"]
[PlyCount "79"]
[EventDate "2007.10.21"]
[EventType "team-tourn"]
[EventRounds "9"]
[EventCountry "GER"]
[SourceTitle "EXT 2009"]
[Source "ChessBase"]
[SourceDate "2008.11.26"]
[SourceVersion "1"]
[SourceVersionDate "2008.11.26"]
[SourceQuality "1"]
[WhiteTeam "Geiselhoering"]
[BlackTeam "Landshut"]
[WhiteTeamCountry "GER"]
[BlackTeamCountry "GER"]

1. Nf3 e6 2. c4 Nf6 3. Nc3 d5 4. d4 c5 5. cxd5 exd5 6. g3 Nc6 7. Bg2 h6 8. 0-0 Be6 9. dxc5 Bxc5 10. Na4 Be7 11. b3 0-0 12. Bb2 b5 13. Nc3 a6 14. Rc1 Rc8 15. Nd4 Nxd4 16. Qxd4 Bc5 17. Qd3 Qb6 18. h3 Rfd8 19. Qf3 d4 20. Ne4 Nxe4 21. Qxe4 Bd5 22. Qd3 Bxg2 23. Kxg2 Qa5 24. Rc2 Bb4 25. Rxc8 Rxc8 26. Qxd4 Bc3 27. Bxc3 Rxc3 28. Rd1 Rc2 29. Qe4 Rd2 30. Rxd2 Qxd2 31. Qa8+ Kh7 32. Qxa6 Qxe2 33. a4 Qe4+ 34. Kh2 bxa4 35. Qxa4 Qc2 36. Kg2 Qd1 37. Qc4 Qd7 38. b4 Qb7+ 39. Kh2 Qf3 40. Qc5 1/2-1/2

[Event "Regionalliga SO 0607"]
[Site "Bayern"]
[Date "2006.12.10"]
[Round "4.2"]
[White "Siebert, Joachim"]
[Black "Zill, Christoph"]
[Result "1/2-1/2"]
[WhiteElo "1935"]
[BlackElo "2229"]
[PlyCount "65"]
[EventDate "2006.10.15"]
[EventType "team-tourn"]
[EventRounds "9"]
[EventCountry "GER"]
[SourceTitle "EXT 2008"]
[Source "ChessBase"]
[SourceDate "2007.11.25"]
[SourceVersion "1"]
[SourceVersionDate "2007.11.25"]
[SourceQuality "1"]
[WhiteTeam "Landshut"]
[BlackTeam "Freising"]
[WhiteTeamCountry "GER"]
[BlackTeamCountry "GER"]

1. d4 f5 2. e4 fxe4 3. Nc3 Nf6 4. g4 d5 5. g5 Ng8 6. f3 Bf5 7. Bg2 e5 8. dxe5 Bb4 9. fxe4 Bxc3+ 10. bxc3 Bxe4 11. Bxe4 dxe4 12. Qh5+ g6 13. Qg4 Ne7 14. Ba3 Nbc6 15. Rd1 Qc8 16. Qxe4 0-0 17. e6 Rf5 18. Nf3 Qf8 19. 0-0 Rf4 20. Qe2 Qf5 21. Nd4 Qxg5+ 22. Kh1 Raf8 23. Nxc6 Rxf1+ 24. Rxf1 Qd5+ 25. Kg1 Qg5+ 26. Kh1 Qd5+ 27. Kg1 Rxf1+ 28. Qxf1 Qg5+ 29. Kh1 Qd5+ 30. Kg1 Qg5+ 31. Kh1 Qd5+ 32. Kg1 Qg5+ 33. Kh1 1/2-1/2